Представление документа в формате RUSMARC

ПолеНазваниеЗначение
  Тип записи a
  Библиографический уровень m
001 Контрольный номер RU/SLIB/B/208721474
005 Дата корректировки 20220304100211.6
010 Индекс ISBN __
a ISBN 5-8316-0073-4
d Цена 64-00
101 Язык документа 0_
a Язык текста rus
c Язык оригинала rus
200 Заглавие и сведения об ответственности 1_
a Заглавие Хрестоматия по детской литературе
e Сведения, относящиеся к заглавию учеб. пособие
f Первые сведения об ответственности под ред. Е. Е. Зубаревой
b Общее обозначение материала Текст
210 Выходные данные 1_
a Место издания М.
c Издательство Дашков и К°
d Дата издания 2001
215 Физическое описание __
a Объем 656 с.
c Иллюстрации/тип воспроизводства ил.
330 Аннотация __
a Аннотация Хрестоматия представляет основной массив отечественного и иностранного фольклора, русской и художественной зарубежной литературы, специально предназначенной для детей или вошедшей в детское чтение. Тексты приведены полностью или частями. Для преподавателей, студентов, учащихся, родителей.
606 Тематические рубрики __
a Основная рубрика Художественная литература
y Географическая подрубрика СНГ; Россия; Италия; Франция; Англия; Норвегия; Корея; Африка; Япония; Индия; Китай; Вьетнам; Германия; США; Соединенные Штаты Америки
606 Тематические рубрики __
a Основная рубрика Фольклор
606 Тематические рубрики __
a Основная рубрика Мировая литература (произведения)
606 Тематические рубрики __
a Основная рубрика Фольклор России
610 Ключевые слова 0_
a Ключевые слова детская литература; поговорки; устное народное творчество; зарубежная детская литература; сказочники; колыбельные песни; потешки; считалки; скороговорки; загадки; пословицы; сказки; повести; повести-сказки; пестушки; прибаутки
686 Индексы других классификаций __
a Классификационный индекс ст84(0)я7
686 Индексы других классификаций __
a Классификационный индекс ст84.2(0)я7
702 Вторичная интеллектуальная ответственность _1
a Фамилия Зубарева
b Имя Е. Е.
4 Код отношения Редактор
4 Код отношения 340
801 Источник записи _0
a Страна RU
b Организация Муниципальное бюджетное учреждение культуры "Централизованная библиотечная система" г. Сургут (Центральная городская библиотека им. А. С. Пушкина)
g Правила каталогизации КиК/Тесленко
801 Источник записи _1
a Страна RU
b Организация Муниципальное бюджетное учреждение культуры "Централизованная библиотечная система" г. Сургут (Центральная городская библиотека им. А. С. Пушкина)
g Правила каталогизации КиК/Тесленко
852 Данные о местонахождении __
j Шифр хранения ст84(0)я7
c Каталожный индекс ст84(0)я7; ст84.2(0)я7
i Авторский знак Х 91
901 Тип документа 1_
t Тип документа m
903 Характеристики (МАРС) __
a Дата передачи 20010906
969 Тип издания __
a Тип издания хрестоматия
990 Данные о заказе (DOS) __
j Количество экземпляров (DOS) 8
t N записи в КСУ для И/У (DOS) 200109